| 000 | 00000nam 2200000zi 4500 |
| 001 | 9.866658 |
| 003 | CaOODSP |
| 005 | 20221107162113 |
| 006 | m o d f |
| 007 | cr cn||||||||| |
| 008 | 190104t20192019qucab ob f000 0 fre d |
| 020 | |a9780660292076 |
| 040 | |aCaOODSP|bfre|erda|cCaOODSP |
| 043 | |an-cn-nk |
| 086 | 1 |aTU3-7/17-0390F-PDF |
| 110 | 2 |aBureau de la sécurité des transports du Canada. |
| 245 | 10|aÉchouement, vraquier SBI Carioca, Belledune (Nouveau-Brunswick), 11 octobre 2017. |
| 264 | 1|aGatineau, QC : |bBureau de la sécurité des transports du Canada = Transportation Safety Board of Canada, |c[2019] |
| 264 | 4|c©2019 |
| 300 | |a1 ressource en ligne (iii, 22 pages) : |bcartes en couleur, illustrations en couleur. |
| 336 | |atexte|btxt|2rdacontent/fre |
| 337 | |ainformatique|bc|2rdamedia/fre |
| 338 | |aressource en ligne|bcr|2rdacarrier/fre |
| 490 | 1 |aRapport d'enquête maritime ; |vM17A0390 |
| 500 | |aPublié aussi en anglais sous le titre : Grounding, bulk carrier SBI Carioca, Belledune, New Brunswick, 11 October 2017. |
| 504 | |aComprend des références bibliographiques. |
| 520 | |a« Le 11 octobre 2017, à 7 h 20, heure avancée de l'Atlantique, le vraquier SBI Carioca, avec un pilote et 22 membres d'équipage à bord, s'est échoué à l'approche de la jetée du port de Belledune (Nouveau-Brunswick), dans la baie des Chaleurs. Le navire a été renfloué durant la marée haute suivante avec l'aide de 2 remorqueurs. Aucune avarie ni pollution n'ont été signalées. Aucun blessé n'a été signalé » -- Résumé. |
| 692 | 07|2gccst|aAccident maritime |
| 692 | 07|2gccst|aSécurité nautique |
| 692 | 07|2gccst|aEnquête |
| 775 | 08|tGrounding, bulk carrier SBI Carioca, Belledune, New Brunswick, 11 October 2017.|w(CaOODSP)9.866657 |
| 830 | #0|aRapport d'enquête maritime ;|vM17A0390.|w(CaOODSP)9.501269 |
| 856 | 40|qPDF|s655 Ko|uhttps://publications.gc.ca/collections/collection_2019/bst-tsb/TU3-7-17-0390-fra.pdf |